Statistics for NASCAR Drivers Racing at Kansas 2019

Click here to take the quiz!

General Stats

  • This quiz has been taken 52 times
  • The average score is 28 of 40

Answer Stats

NumberAnswer% Correct
1Kurt Busch
98%
18Kyle Busch
98%
22Joey Logano
93%
2Brad Keselowski
90%
4Kevin Harvick
90%
13Ty Dillon
90%
3Austin Dillon
88%
9Chase Elliott
88%
14Clint Bowyer
88%
11Denny Hamlin
88%
48Jimmie Johnson
85%
6Ryan Newman
85%
88Alex Bowman
83%
42Kyle Larson
83%
19Martin Truex Jr.
83%
12Ryan Blaney
83%
43Bubba Wallace Jr.
80%
17Ricky Stenhouse Jr.
80%
41Daniel Suarez
78%
20Erik Jones
78%
24William Byron
78%
38David Ragan
75%
21Paul Menard
75%
95Matt Dibenedetto
73%
34Michael McDowell
73%
37Chris Buescher
68%
8Daniel Hemric
68%
32Corey LaJoie
65%
00Landon Cassill
65%
47Ryan Preece
63%
77Timmy Hill
53%
36Matt Tifft
50%
15Ross Chastain
40%
52Garrett Smithley
38%
96Parker Kligerman
38%
27Reed Sorenson
38%
66Joey Gase
33%
51J.J. Yeley
30%
10Aric Amirola
15%
53Josh Blicki
3%

Score Distribution

Percentile by Number Answered

Percent of People with Each Score

Your Score History

You have not taken this quiz